Statistiques concernant Unités monétaires remplacées par l'euro

Cliquez ici pour prendre le quiz!

Statistiques générales

  • Ce quiz a été pris 80 fois
  • Le résultat moyen est 9 sur 19

Statistiques - réponses

PaysMonnaie% Correct
FranceFranc français
97%
ItalieLire italienne
85%
AllemagneDeutsche Mark
84%
BelgiqueFranc belge
82%
LuxembourgFranc luxembourgeois
81%
IrlandeLivre irlandaise
77%
EspagnePeseta
71%
PortugalEscudo
47%
GrèceDrachme
45%
AutricheSchilling
34%
ChypreLivre chypriote
34%
Pays-BasFlorin
32%
EstonieCouronne estonienne
26%
SlovaquieCouronne slovaque
26%
MalteLire maltaise
24%
FinlandeMark finlandais
16%
LituanieLitas
11%
LettonieLats
10%
SlovénieTolar
8%

Distribution des résultats

Percentile par nombre de réponses

% des personnes avec chaque résultat

Votre développement - résultats

Vous n’avez pas pris ce quiz